Language Quiz

Random Language or Quote Quiz
Score 0/50 Timer 05:00
4 Plays Today
% Correct
Apple
94.6%
Words
94.5%
Fish
94.5%
Dog
94.4%
Rome
93.4%
Beggars
93.4%
Blood
93.3%
Hand
92.9%
Evil
92.4%
Deed
92.4%
News
92.3%
Roses
92.3%
War
92%
Beauty
91.8%
Pot
91.3%
Stone
91.1%
Gold
91%
Clock
90.8%
Revenge
90.7%
Laughter
90.7%
History
90.6%
Heart
90.6%
Chain
90.3%
Mice
89.9%
Leopard
89.9%
% Correct
Habits
89.5%
Iron
89.5%
Bitter
89%
Flies
88.7%
Master
88.2%
Time
87.9%
Peg
87.9%
Liquor
87.2%
Company
87%
Goose
85.9%
Pen
85.7%
Cat
85.6%
Wink
85.6%
Bird
85.4%
Horse
85.3%
Imitation
85.1%
Misery
84.7%
Wheel
83.6%
God
83.6%
Meek
82.2%
Purse
82%
Fences
81.6%
Variety
78.4%
Money
75.6%
Brevity
72.2%
Remove Ads.
Support Sporcle.
Get the best of Sporcle when you Go Orange. This ad-free experience offers more features, more stats, and more fun while also helping to support Sporcle. Thank you for becoming a member.

You're not logged in!

Compare scores with friends on all Sporcle quizzes.
OR
Log In

Show Comments

Extras

Top Quizzes Today


Score Distribution

Your Account Isn't Verified!

In order to create a playlist on Sporcle, you need to verify the email address you used during registration. Go to your Sporcle Settings to finish the process.

Report this User

Report this user for behavior that violates our Community Guidelines.

Details: